[Event "ch-FRA Blitz Online Qual"]
[Site "Europe-Chess INT"]
[Date "2020.05.16"]
[Round "15"]
[White "Joly, Julien"]
[Black "Mendoza, Mael"]
[Result "1-0"]
[WhiteElo "2188"]
[BlackElo "1451"]
[WhiteFideId "26082284"]
[BlackFideId "551036533"]
[EventDate "2020.05.16"]

1. d4 Nf6 2. c4 e6 3. Nf3 d5 4. g3 Be7 5. Bg2 O-O 6. O-O c5 7. cxd5 Nxd5 8. e4
Nb6 9. Be3 cxd4 10. Nxd4 Bd7 11. Nc3 Nc6 12. Qe2 Bf6 13. Rad1 Qc7 14. Ndb5 Qd8
15. Rd2 a6 16. Nd6 Bxc3 17. bxc3 Na4 18. Qd3 Ne5 19. Qd4 Bb5 20. Nxb5 Qxd4 21.
Nxd4 Nxc3 22. Rc1 Rac8 23. Rdc2 Ne2+ 24. Nxe2 Rxc2 25. Rxc2 Rd8 26. Rd2 Rxd2 27.
Bxd2 Nc4 28. Bc3 b5 29. Nd4 g6 30. Bf1 Nd6 31. f3 Kf8 32. Bb4 Ke7 33. Bxb5 axb5
34. Nxb5 Kd7 35. Nxd6 Kc6 36. Nxf7 Kb5 37. a3 Ka4 38. Kf2 Kb5 39. Ke3 Ka4 40.
Kf4 e5+ 41. Kg5 h5 42. Kxg6 h4 43. Kg5 hxg3 44. Kh6 g2 45. Bc5 Kb5 46. Bg1 Kc4
47. Nxe5+ Kc3 48. a4 Kd2 49. a5 Ke1 50. a6 Kf1 51. a7 Kxg1 52. a8=Q Kxh2 53. Qa2
Kh1 54. Qxg2+ Kxg2 55. f4 Kg3 56. f5 Kf4 57. f6 Kxe5 58. f7 Kxe4 59. f8=Q Ke5
60. Kg6 Ke6 61. Qe8+ Kd5 62. Kf5 Kd4 63. Qe4+ Kc5 64. Ke5 Kb5 65. Qd4 Kc6 66.
Qd6+ Kb5 67. Qc7 Kb4 68. Kd4 Kb5 69. Qc5+ Ka6 70. Qb4 Ka7 71. Kc5 Ka8 72. Kc6
Ka7 73. Qb7# 1-0

[Event "ch-FRA Blitz Online Qual"]
[Site "Europe-Chess INT"]
[Date "2020.05.16"]
[Round "15"]
[White "Ciarletta, Iris"]
[Black "Babaud, Antoine"]
[Result "1/2-1/2"]
[WhiteElo "1493"]
[BlackElo "1943"]
[WhiteFideId "45133263"]
[BlackFideId "45185484"]
[EventDate "2020.05.16"]

1. d4 Nf6 2. c4 g6 3. Nc3 Bg7 4. e4 O-O 5. e5 Ne8 6. f4 c5 7. d5 d6 8. Nf3 Nd7
9. exd6 exd6 10. Bd3 Ndf6 11. O-O Bg4 12. h3 Bxf3 13. Qxf3 Nc7 14. f5 a6 15. Bg5
Nce8 16. Ne4 Qd7 17. Nxf6+ Nxf6 18. Qg3 Nh5 19. Qh4 Bxb2 20. Rab1 Bd4+ 21. Kh1
f6 22. fxg6 fxg5 23. gxh7+ Kh8 24. Qxh5 Qg7 25. Qg4 Be5 26. Rb3 Rxf1+ 27. Bxf1
Rf8 28. Rf3 Rxf3 29. Qxf3 Kxh7 30. Bd3+ Kg8 31. Qf5 Qf6 32. Qxf6 Bxf6 33. a4 b6
34. Kg1 Be5 35. Kf2 Kf7 36. Kf3 Kf6 37. Kg4 Bc3 38. g3 Be1 39. h4 gxh4 40. gxh4
Bd2 41. Bf5 Ke5 42. Bc8 a5 43. Ba6 Kf6 44. h5 Bc1 45. Bb5 Bd2 46. Kf3 Kg5 47.
Ke4 Kxh5 48. Kf5 Be1 49. Ke6 Bg3 50. Kd7 Kg6 51. Kc6 Kf6 52. Kxb6 Be1 53. Kc6
Ke5 54. Kc7 Kd4 55. Kxd6 Bg3+ 56. Kc6 Ke5 57. d6 Ke6 58. d7 Ke7 59. Kxc5 Bd6+
60. Kb6 Bb4 61. c5 Kd8 62. c6 Bd6 63. Kxa5 Bb8 64. Kb6 Bc7+ 65. Kb7 Ba5 66. Ka6
Be1 67. a5 Kc7 68. Ba4 Bf2 69. Kb5 Bg1 70. a6 Bf2 71. Kc4 Be3 72. Kd5 Bf2 73.
Ke6 Kd8 74. Kf7 Be3 75. c7+ Kxc7 76. Ke8 Bg5 77. a7 Kb7 78. Bc6+ Kxa7 79. Kf7
Kb6 80. Ba4 Bd8 81. Ke8 Bg5 82. Bd1 Bh4 83. Bg4 Kc7 84. Bh3 Bg5 85. Bf5 Bh4 86.
Kf7 Bg5 87. Kg6 Bh4 88. Kh5 Bf2 89. Kg6 Bd4 90. Kf7 Be3 91. Kf6 Bf2 92. Kg5 Kd8
93. Kf6 Bh4+ 94. Ke6 Bg3 95. Kf7 Bf2 96. Be6 Bg1 97. Kf8 Bh2 98. Kf7 Bg1 99. Kf8
Bh2 100. Kg7 Bg1 101. Kf6 Bh2 102. Kf5 Bg1 103. Ke4 Bh2 104. Kd5 Bc7 105. Kc6
Bh2 106. Kb7 Bg1 107. Kc6 Bh2 108. Kb7 Bg1 109. Kb8 Bh2+ 110. Ka7 Bg1+ 111. Ka6
Bh2 112. Kb5 Bg1 113. Kc6 Bh2 1/2-1/2

[Event "ch-FRA Blitz Online Qual"]
[Site "Europe-Chess INT"]
[Date "2020.05.16"]
[Round "15"]
[White "Zniber, Reda"]
[Black "Mareau, Timothe"]
[Result "1-0"]
[WhiteElo "1986"]
[BlackElo "1642"]
[WhiteFideId "36054224"]
[BlackFideId "45148864"]
[EventDate "2020.05.16"]

1. c4 e6 2. g3 b6 3. Bg2 Nc6 4. d4 Bb7 5. Nc3 Na5 6. Bxb7 Nxb7 7. e4 Bb4 8. Bd2
Bxc3 9. Bxc3 d5 10. cxd5 exd5 11. e5 c5 12. Nf3 Ne7 13. O-O O-O 14. Qd2 Ng6 15.
Rfd1 c4 16. b3 b5 17. Rab1 a6 18. bxc4 dxc4 19. d5 Nc5 20. Bb4 Qc7 21. h4 Rfe8
22. d6 Qc6 23. Qd5 Qxd5 24. Rxd5 Nd3 25. d7 Red8 26. Ba5 Ne7 27. Bxd8 Nxd5 28.
Ba5 Nc3 29. Bxc3 Rd8 30. Ne1 Rxd7 31. Nxd3 Rxd3 32. Rc1 Kf8 33. Kf1 Ke7 34. Ke2
Ke6 35. f3 Kd5 36. Rd1 Rxd1 37. Kxd1 Kc5 38. a3 g6 39. Kd2 Kd5 40. Ke3 h6 41. g4
Kc5 42. f4 Kd5 43. Kf3 Kc5 44. Ke4 Kc6 45. f5 g5 46. hxg5 hxg5 47. Bd2 Kc5 48.
Be3+ Kc6 49. Bxg5 a5 50. Bd2 a4 51. Bc3 Kc5 52. g5 b4 53. Bxb4+ Kb5 54. g6 fxg6
55. fxg6 c3 56. Bxc3 Kc4 57. Bb4 Kb3 58. g7 Kb2 59. g8=Q Kc2 60. e6 Kb3 61. Qg3+
Kc4 62. Qc3+ Kb5 63. Qc5+ Ka6 64. e7 Kb7 65. e8=Q Ka6 66. Qa8# 1-0

[Event "ch-FRA Blitz Online Qual"]
[Site "Europe-Chess INT"]
[Date "2020.05.16"]
[Round "15"]
[White "Paralieu, Maxime"]
[Black "Haberthur, Maxime"]
[Result "0-1"]
[WhiteElo "1569"]
[BlackElo "1941"]
[WhiteFideId "45154171"]
[BlackFideId "36097551"]
[EventDate "2020.05.16"]

1. d4 d5 2. c4 c6 3. Nf3 Nf6 4. Nbd2 a6 5. e3 Bf5 6. g3 e6 7. Bg2 h6 8. O-O Be7
9. b3 O-O 10. Bb2 Qb6 11. Rc1 a5 12. Ba1 Na6 13. Qe2 Nb4 14. c5 Qc7 15. Ne5 Nd7
16. Nxd7 Qxd7 17. e4 dxe4 18. Nxe4 Nd5 19. Rfd1 a4 20. Nc3 Nxc3 21. Bxc3 axb3
22. axb3 Bf6 23. b4 Rad8 24. Qc4 Qc7 25. b5 Rd7 26. b6 Qb8 27. Rd2 Rfd8 28. Ra1
e5 29. d5 cxd5 30. Bxd5 Be6 31. Rad1 Bxd5 32. Rxd5 Qc8 33. Rxd7 Rxd7 34. Rxd7
Qxd7 35. Qe4 Qd1+ 36. Kg2 Qd7 37. Bxe5 Be7 38. Bd6 Bf6 39. Qd5 Qc8 40. Qa2 Bd4
41. Qd2 Qc6+ 42. Kg1 Bxc5 43. Bxc5 Qxc5 44. Qd8+ Kh7 45. Qc7 Qd5 46. h3 g6 47.
h4 Kg7 48. Qe7 Qc6 49. Qc7 Qd5 50. Qe7 Kg8 51. Qe8+ Kh7 52. Qe7 h5 53. Qc7 Qd1+
54. Kh2 Qd5 55. Kg1 Kg7 56. Qe7 Qc6 57. Qc7 Qe4 58. Qd7 Kf6 59. Qd6+ Qe6 60.
Qxe6+ Kxe6 61. Kf1 Kd6 62. Ke2 Kc6 63. Kd3 Kxb6 64. Kc4 Kc6 65. Kb4 b5 66. Kb3
Kc5 67. Kc3 b4+ 68. Kb3 Kb5 69. Kb2 Kc4 70. Kc2 b3+ 71. Kb2 Kb4 72. Kb1 Kc3 73.
Kc1 f6 74. f4 Kd3 75. Kb2 Ke3 76. Kxb3 Kf3 77. Kc4 Kxg3 78. Kd4 Kxf4 79. Kd3 Kg4
80. Ke3 Kxh4 81. Kf3 g5 82. Kg2 f5 83. Kh2 Kg4 84. Kg2 f4 85. Kf2 h4 86. Kg2 f3+
87. Kg1 Kf4 88. Kf1 g4 89. Kg1 g3 90. Kh1 Ke3 91. Kg1 f2+ 92. Kf1 Kd2 93. Kg2
Ke2 94. Kh3 f1=Q+ 95. Kxh4 g2 96. Kh5 g1=Q 97. Kh6 Qh3# 0-1

[Event "ch-FRA Blitz Online Qual"]
[Site "Europe-Chess INT"]
[Date "2020.05.16"]
[Round "15"]
[White "Lavanant, Alexandre"]
[Black "Leonardy, Batiste"]
[Result "1-0"]
[WhiteElo "1937"]
[BlackElo "1177"]
[WhiteFideId "654949"]
[BlackFideId "36062880"]
[EventDate "2020.05.16"]

1. d4 Nf6 2. Bg5 g6 3. Bxf6 exf6 4. e3 Bg7 5. g3 O-O 6. Bg2 f5 7. Ne2 c5 8. c3
d6 9. O-O Nc6 10. Nd2 Re8 11. Nf4 Bh6 12. Nd5 Be6 13. Nf4 Qf6 14. d5 Ne5 15.
dxe6 fxe6 16. Nf3 Nf7 17. Qb3 g5 18. Ne2 f4 19. exf4 gxf4 20. Rfe1 fxg3 21. Nxg3
b6 22. Rad1 Rad8 23. Qc2 Kh8 24. Re2 Rg8 25. Rde1 e5 26. Qf5 Qe7 27. Qh5 Rdf8
28. Nf5 Qf6 29. Ng3 Ng5 30. Nxg5 Rxg5 31. Qh3 1-0

[Event "ch-FRA Blitz Online Qual"]
[Site "Europe-Chess INT"]
[Date "2020.05.16"]
[Round "15"]
[White "Durand-Le Ludec, Brendan-Budok"]
[Black "Le Bas, Alexis"]
[Result "1-0"]
[WhiteElo "2205"]
[BlackElo "1889"]
[WhiteFideId "26064340"]
[BlackFideId "651087"]
[EventDate "2020.05.16"]

1. e4 d6 2. d4 Nf6 3. Nc3 g6 4. f3 Bg7 5. Be3 O-O 6. Qd2 Nc6 7. O-O-O a6 8. h4
h5 9. Bc4 b5 10. Bb3 Na5 11. Nh3 Nxb3+ 12. axb3 b4 13. Ne2 a5 14. Bh6 a4 15.
Bxg7 Kxg7 16. e5 dxe5 17. dxe5 axb3 18. exf6+ exf6 19. cxb3 Ra1+ 20. Kc2 Bf5+
21. Qd3 Bxd3+ 22. Rxd3 Qe7 23. Rxa1 Qxe2+ 24. Rd2 Qe5 25. Nf2 f5 26. Nd3 Qe7 27.
Re1 Qxh4 28. Rde2 Rd8 29. Ne5 c5 30. Nc4 Rd7 31. Ne5 Rd4 32. Nc4 Qf6 33. Re7 f4
34. Kc1 Qf5 35. Ne5 Qc8 36. Nxf7 1-0

[Event "ch-FRA Blitz Online Qual"]
[Site "Europe-Chess INT"]
[Date "2020.05.16"]
[Round "15"]
[White "De Seroux, Camille"]
[Black "Jacquot, David"]
[Result "0-1"]
[WhiteTitle "WIM"]
[WhiteElo "2137"]
[BlackElo "1830"]
[WhiteFideId "1305620"]
[BlackFideId "20624093"]
[EventDate "2020.05.16"]

1. e4 c5 2. Nc3 Nc6 3. Bb5 g6 4. Bxc6 bxc6 5. d3 d6 6. f4 Bg7 7. Nf3 Rb8 8. O-O
Qc7 9. Qe1 e6 10. Qh4 Qe7 11. Qg3 Nf6 12. e5 Nh5 13. Qe1 O-O 14. exd6 Qxd6 15.
Ne4 Qc7 16. Nxc5 Nxf4 17. Ne4 Nd5 18. d4 Ba6 19. Rf2 e5 20. dxe5 Rfe8 21. b3
Bxe5 22. Rb1 Bg7 23. c4 Nc3 24. Rbb2 Nxe4 25. Rbe2 Nxf2 26. Rxe8+ Rxe8 27. Qxe8+
Bf8 28. Ba3 c5 29. Kxf2 Qe7 30. Qxe7 Bxe7 0-1

[Event "ch-FRA Blitz Online Qual"]
[Site "Europe-Chess INT"]
[Date "2020.05.16"]
[Round "15"]
[White "Sahetchian, Armand"]
[Black "Vine, Guillaume"]
[Result "1/2-1/2"]
[WhiteElo "2117"]
[BlackElo "1824"]
[WhiteFideId "607150"]
[BlackFideId "20654219"]
[EventDate "2020.05.16"]

1. d4 Nf6 2. c4 e6 3. Nc3 Bb4 4. Qc2 O-O 5. Nf3 d5 6. a3 Bxc3+ 7. Qxc3 c6 8. Bg5
Nbd7 9. e3 Qb6 10. Bd3 Ne4 11. Qc2 f5 12. O-O Ndf6 13. Bh4 Ng4 14. Bg3 Qd8 15.
Ne5 Nxe5 16. Bxe5 Nd6 17. b3 Nf7 18. f4 Nxe5 19. fxe5 Bd7 20. Be2 Be8 21. Bf3
Bg6 22. Qe2 Qg5 23. Rac1 f4 24. e4 Bxe4 25. Bxe4 dxe4 26. Qxe4 Rf7 27. Rf3 Qf5
28. Qe2 Rd8 29. Rd1 Rfd7 30. Qf2 g5 31. g3 Qg4 32. Kh1 Qf5 33. gxf4 Qe4 34. Rg1
Rxd4 35. Rxg5+ Kh8 36. Qe3 Qb1+ 37. Rg1 Rd1 38. Rg3 Rxg1+ 39. Rxg1 Rd1 40. Rxd1
Qxd1+ 41. Kg2 Qg4+ 42. Qg3 Qe2+ 43. Kh3 Qh5+ 44. Kg2 Qe2+ 45. Qf2 Qg4+ 46. Kf1
Qd1+ 47. Kg2 Qg4+ 48. Qg3 Qe2+ 1/2-1/2

[Event "ch-FRA Blitz Online Qual"]
[Site "Europe-Chess INT"]
[Date "2020.05.16"]
[Round "15"]
[White "Lucas, Arthur"]
[Black "Geronimi, Jean-Thomas"]
[Result "1-0"]
[WhiteTitle "FM"]
[WhiteElo "2283"]
[BlackElo "1827"]
[WhiteFideId "26093073"]
[BlackFideId "36098515"]
[EventDate "2020.05.16"]

1. e4 c5 2. Nc3 Nc6 3. Bb5 Nd4 4. Nf3 g6 5. Bc4 Bg7 6. Nxd4 cxd4 7. Qf3 e6 8.
Nb5 Qb6 9. a4 a6 10. a5 Qc6 11. Na3 Ne7 12. d3 O-O 13. O-O d5 14. Bb3 dxe4 15.
Qxe4 Qxe4 16. dxe4 Nc6 17. Nc4 Rb8 18. Bd2 e5 19. Nb6 Be6 20. Bxe6 fxe6 21. Nd7
Rbd8 22. Nxf8 Rxf8 23. Rab1 Rc8 24. b4 Na7 25. Rfc1 Nb5 26. Rb3 Bf8 27. Kf1 Nc3
28. Bxc3 dxc3 29. f3 Rc4 30. Rcb1 Kf7 31. Ke2 Rd4 32. Rxc3 Bxb4 33. Rc7+ Kf6 34.
c3 Bxc3 35. Rxc3 Ra4 36. Rc5 Ra2+ 37. Kf1 Kg5 38. Rxb7 Kf4 39. Rb1 Ke3 40. Rxe5
Rf2+ 41. Kg1 Ra2 42. Rc5 Kd4 43. Rc6 Ke5 44. Rxa6 Kf4 45. Ra8 e5 46. a6 Ke3 47.
Re8 Rxa6 48. Rxe5 Ra2 49. Reb5 h5 50. Rg5 h4 51. Rxg6 h3 52. gxh3 Kxf3 53. Rg3+
Kxe4 54. Rf1 Ra5 55. h4 Rh5 56. Rg4+ Ke3 57. Kg2 Rh7 58. Rf3+ Ke2 59. Ra3 Re7
60. Kg3 Kf1 61. h5 Kg1 62. h6 Rh7 63. Ra6 Kf1 64. Rg7 Rh8 65. h7 Ke2 66. Raa7
Ke3 67. Rg8 Rxg8+ 68. hxg8=Q Ke2 69. Qe6+ Kf1 70. Ra2 Kg1 71. Qe1# 1-0

[Event "ch-FRA Blitz Online Qual"]
[Site "Europe-Chess INT"]
[Date "2020.05.16"]
[Round "15"]
[White "Dijoux, Julien"]
[Black "Trabet, Mathis"]
[Result "0-1"]
[WhiteElo "1862"]
[BlackElo "2118"]
[WhiteFideId "666483"]
[BlackFideId "36041289"]
[EventDate "2020.05.16"]

1. e4 c5 2. Nf3 Nc6 3. c4 g6 4. Nc3 Bg7 5. Be2 e6 6. d3 Nge7 7. Be3 O-O 8. O-O
b6 9. Qd2 d5 10. Bh6 Bb7 11. Bxg7 Kxg7 12. Qg5 Nd4 13. Nxd4 cxd4 14. Qe5+ f6 15.
Qxe6 dxc3 16. exd5 cxb2 17. Rab1 Re8 18. Qh3 Nxd5 19. Bf3 Nf4 20. Qg3 Bxf3 21.
Qxf3 Ne2+ 22. Kh1 Qd4 0-1

[Event "ch-FRA Blitz Online Qual"]
[Site "Europe-Chess INT"]
[Date "2020.05.16"]
[Round "15"]
[White "Fournier, Loic"]
[Black "Ratsavong, Moukda"]
[Result "1-0"]
[WhiteElo "2116"]
[BlackElo "1789"]
[WhiteFideId "36013463"]
[BlackFideId "632872"]
[EventDate "2020.05.16"]

1. d4 d5 2. Bf4 e6 3. e3 Bd6 4. Bg3 Nf6 5. Nf3 c5 6. c3 Nc6 7. Nbd2 Qe7 8. Ne5
O-O 9. Bd3 Qc7 10. f4 b6 11. Qf3 Bb7 12. Bh4 Nd7 13. O-O f5 14. g4 Bxe5 15. fxe5
g6 16. gxf5 exf5 17. Qxd5+ Kh8 18. Qd6 Qxd6 19. exd6 Rae8 20. Rae1 Nf6 21. dxc5
bxc5 22. e4 Ne5 23. Bb5 Rd8 24. exf5 Neg4 25. d7 Rf7 26. fxg6 hxg6 27. Re8+ Nxe8
28. Rxf7 Nd6 29. Rf4 Nxb5 30. Bxd8 Ne5 31. Bf6+ Kh7 32. d8=Q Nf7 33. Rh4+ Nh6
34. Qh8# 1-0

[Event "ch-FRA Blitz Online Qual"]
[Site "Europe-Chess INT"]
[Date "2020.05.16"]
[Round "15"]
[White "Mallevaey, Guillaume"]
[Black "Nicolas, Guillaume"]
[Result "1/2-1/2"]
[WhiteElo "1823"]
[BlackElo "2143"]
[WhiteFideId "26026120"]
[BlackFideId "20646607"]
[EventDate "2020.05.16"]

1. c4 Nf6 2. Nc3 c5 3. g3 d5 4. cxd5 Nxd5 5. Bg2 Nc7 6. Nf3 Nc6 7. O-O e5 8. d3
Be7 9. Be3 O-O 10. a3 Be6 11. Rc1 Qd7 12. Ne4 b6 13. Qc2 Nd5 14. Bg5 f6 15. Bd2
Rac8 16. Nc3 Nd4 17. Qd1 Nxc3 18. bxc3 Bb3 19. Qe1 Nb5 20. Rb1 Ba4 21. Ra1 Rfd8
22. c4 Nd4 23. Nxd4 cxd4 24. Bb4 Bc5 25. Rb1 Bc6 26. Qd2 Bxg2 27. Kxg2 h6 28.
Rb2 f5 29. Bxc5 Rxc5 30. Rfb1 e4 31. Rb5 Qc6 32. Kg1 Re8 33. Qf4 Qe6 34. Rxc5
bxc5 35. Rb5 exd3 36. exd3 Rc8 37. Rb8 Kh7 38. Rxc8 Qxc8 39. Qe5 Kg6 40. Qd6+
Kf7 41. Qd5+ Kf6 42. h4 Qc7 43. Qf3 g5 44. hxg5+ hxg5 45. Qd5 Qe7 46. Kg2 Qc7
47. Qf3 f4 48. gxf4 gxf4 49. Qd5 Qg7+ 50. Kf3 Qc7 51. Qe4 Kg5 52. Qd5+ Kf6 53.
Qe4 Qa5 54. Qxf4+ Ke7 55. Qe5+ Kd7 56. Qd5+ Ke7 57. Qe5+ Kf7 58. Qf5+ Ke7 59.
Qe5+ 1/2-1/2

[Event "ch-FRA Blitz Online Qual"]
[Site "Europe-Chess INT"]
[Date "2020.05.16"]
[Round "15"]
[White "Revel, Adrien"]
[Black "Lambert, Adrien"]
[Result "0-1"]
[WhiteElo "1859"]
[BlackElo "2123"]
[WhiteFideId "624179"]
[BlackFideId "624772"]
[EventDate "2020.05.16"]

1. e4 d6 2. d4 Nf6 3. Nc3 g6 4. f4 Bg7 5. Nf3 c5 6. dxc5 Qa5 7. Bd3 Qxc5 8. Qe2
Bg4 9. Be3 Qa5 10. O-O Nc6 11. h3 Bxf3 12. Qxf3 O-O 13. g4 Nd7 14. Bd2 e6 15.
Rad1 Nd4 16. Qf2 f5 17. Nb5 Qb6 18. Be3 fxe4 19. Nxd4 exd3 20. Nxe6 Qxb2 21.
Nxf8 Rxf8 22. cxd3 Qa3 23. Bd4 Bh6 24. f5 Ne5 25. Bxe5 dxe5 26. Qe2 Bf4 27. fxg6
hxg6 28. Qe4 Kh7 29. Qxb7+ Kh6 30. Qb3 Qc5+ 31. Kg2 Qe3 32. Rf3 Qe2+ 33. Rf2 Qe3
34. Rdf1 Rd8 35. Qf7 Rxd3 36. Rxf4 Qxh3+ 37. Kf2 Qg3+ 38. Ke2 Qe3# 0-1

[Event "ch-FRA Blitz Online Qual"]
[Site "Europe-Chess INT"]
[Date "2020.05.16"]
[Round "15"]
[White "Fischler, Oscar"]
[Black "Lorans, Sylvain"]
[Result "0-1"]
[WhiteElo "1864"]
[BlackElo "2086"]
[WhiteFideId "45190186"]
[BlackFideId "605794"]
[EventDate "2020.05.16"]

1. Nf3 Nf6 2. g3 d5 3. d4 Bf5 4. Bg2 e6 5. O-O h6 6. c3 Nbd7 7. Nbd2 c5 8. dxc5
Nxc5 9. Nb3 a6 10. Be3 Ncd7 11. h3 Rc8 12. Nfd4 Be4 13. Bxe4 Nxe4 14. Nd2 Nd6
15. Kg2 Be7 16. N2f3 Nc4 17. Bc1 O-O 18. b3 Nd6 19. Bb2 Ne4 20. Rc1 Qa5 21. a4
b5 22. axb5 axb5 23. Ra1 Qb6 24. Qd3 Ndc5 25. Qc2 Bf6 26. Nd2 Bxd4 27. cxd4 Na4
28. Qxc8 Rxc8 29. Nxe4 Nxb2 30. Nc5 e5 31. e3 exd4 32. exd4 Qf6 33. Ra6 Qxd4 34.
Nd7 Nd3 35. Ra2 Qe4+ 36. Kh2 Rd8 37. Nb6 Ne5 38. Rc2 Nf3+ 39. Kg2 Ne1+ 40. Kg1
Qg2# 0-1

[Event "ch-FRA Blitz Online Qual"]
[Site "Europe-Chess INT"]
[Date "2020.05.16"]
[Round "15"]
[White "Kollar, Romain"]
[Black "Rouast, Joseph"]
[Result "1-0"]
[WhiteElo "2205"]
[BlackElo "1808"]
[WhiteFideId "36017981"]
[BlackFideId "45147000"]
[EventDate "2020.05.16"]

1. e4 c5 2. Nf3 d6 3. d4 cxd4 4. Nxd4 Nf6 5. Nc3 a6 6. f3 e5 7. Nb3 Be6 8. Be3
Nbd7 9. Qd2 h5 10. O-O-O Rc8 11. Kb1 Qc7 12. h3 Be7 13. Bd3 h4 14. f4 exf4 15.
Bxf4 Ne5 16. Nd4 Bc4 17. Nf5 g6 18. Nxe7 Qxe7 19. Bxc4 Nxc4 20. Qd4 Rh5 21. Rhf1
Nd7 22. Nd5 Qf8 23. b3 Na3+ 24. Kb2 Nb5 25. Nf6+ Nxf6 26. Qxf6 Qh8 27. Qxh8+
Rxh8 28. Bxd6 Nxd6 29. Rxd6 Rd8 30. Rfd1 Rxd6 31. Rxd6 Ke7 32. Rb6 Rb8 33. c4
Kd7 34. Kc3 Kc7 35. Rf6 Rf8 36. Rf4 g5 37. Rf5 f6 38. e5 Kd7 39. exf6 Ke6 40.
Rxg5 Rxf6 41. Rg4 Rf2 42. a3 Kd6 43. Kb4 Kc6 44. Rg6+ Kc7 45. Rg5 Kc6 46. g3
hxg3 47. Rxg3 Rh2 48. Re3 Rh1 49. c5 a5+ 50. Kc4 Rc1+ 51. Rc3 Ra1 52. b4 axb4
53. axb4 b5+ 54. cxb6 Kxb6 55. Rc2 Rh1 56. Rc3 Kc6 57. b5+ Kb6 58. Rg3 Rc1+ 59.
Kd5 Kxb5 60. Rb3+ Ka4 61. Rg3 Kb4 62. h4 Rh1 63. Rg4+ Kc3 64. Ke5 Kd3 65. Kf5
Ke3 66. Kg5 Kf3 67. h5 Ra1 68. Rf4+ Kg3 69. h6 Ra7 70. Rf6 Ra5+ 71. Kg6 Ra7 72.
h7 Ra8 73. Kg7 Kg4 74. h8=Q Rxh8 75. Kxh8 Kg5 76. Kg7 Kg4 77. Ra6 Kg5 78. Ra5+
Kf4 79. Kf6 Ke4 80. Ke6 Kd4 81. Kd6 Kc4 82. Rg5 Kb4 83. Kc6 Ka4 84. Kb6 Kb4 85.
Rg4+ Kc3 86. Kc5 Kd3 87. Kd5 Ke3 88. Ra4 Kf3 89. Ke5 Kg3 90. Kf5 Kh3 91. Kg5 Kg2
92. Ra3 Kf2 93. Kf4 Ke2 94. Ke4 Kd2 95. Rh3 Kc2 96. Kd4 Kb2 97. Kc4 Ka2 98. Kb4
Kb2 99. Rh2+ Kc1 100. Kc3 Kd1 101. Kd3 Ke1 102. Ra2 Kf1 103. Ke3 Kg1 104. Kf3
Kh1 105. Kg3 Kg1 106. Ra1# 1-0

[Event "ch-FRA Blitz Online Qual"]
[Site "Europe-Chess INT"]
[Date "2020.05.16"]
[Round "15"]
[White "Hamon, Christian"]
[Black "Flores, Victor"]
[Result "1-0"]
[WhiteElo "2015"]
[BlackElo "1741"]
[WhiteFideId "614327"]
[BlackFideId "45133492"]
[EventDate "2020.05.16"]

1. Nf3 Nf6 2. g3 g6 3. Bg2 Bg7 4. O-O O-O 5. c4 d6 6. Nc3 e5 7. d3 Nc6 8. Rb1
Nd7 9. b4 f5 10. b5 Ne7 11. Nd5 c6 12. Nxe7+ Qxe7 13. bxc6 bxc6 14. Bg5 Qe8 15.
Qa4 Nf6 16. Nd2 Bd7 17. Rb7 Rf7 18. Rxa7 Rxa7 19. Qxa7 f4 20. Bxf6 Bxf6 21. Ne4
Bf5 22. Nxf6+ Rxf6 23. Rb1 Rf7 24. Qb8 Qxb8 25. Rxb8+ Kg7 26. Bxc6 Ra7 27. Rb2
Bd7 28. Rb7 Rxb7 29. Bxb7 Ba4 30. Kf1 g5 31. Ke1 Kf6 32. Ba6 g4 33. Bb5 Bc2 34.
a4 e4 35. Kd2 exd3 36. exd3 Bb1 37. a5 fxg3 38. hxg3 h5 39. a6 1-0

[Event "ch-FRA Blitz Online Qual"]
[Site "Europe-Chess INT"]
[Date "2020.05.16"]
[Round "15"]
[White "Duvert, Francois"]
[Black "Thomas, Anysia"]
[Result "1-0"]
[BlackTitle "WFM"]
[WhiteElo "1729"]
[BlackElo "2160"]
[WhiteFideId "36072877"]
[BlackFideId "670472"]
[EventDate "2020.05.16"]

1. e4 c5 2. Nc3 Nc6 3. f4 g6 4. Nf3 Bg7 5. Bb5 Nd4 6. O-O a6 7. Be2 b5 8. d3 Nf6
9. e5 Ng4 10. Nxd4 cxd4 11. Bxg4 dxc3 12. bxc3 Qb6+ 13. Kh1 h5 14. Bf3 Bb7 15.
a4 O-O 16. Qe2 Rfc8 17. Be3 Qc7 18. Bd4 Bxf3 19. Qxf3 e6 20. axb5 d5 21. Rxa6
Rxa6 22. bxa6 Qc6 23. a7 Qa4 24. Rb1 Bf8 25. Rb8 Qa1+ 26. Bg1 Rc6 27. a8=R 1-0

[Event "ch-FRA Blitz Online Qual"]
[Site "Europe-Chess INT"]
[Date "2020.05.16"]
[Round "15"]
[White "Fardet, Elouan"]
[Black "Levy, Kevin"]
[Result "1-0"]
[WhiteElo "2163"]
[BlackElo "1740"]
[WhiteFideId "45163596"]
[BlackFideId "45128588"]
[EventDate "2020.05.16"]

1. e4 Nf6 2. e5 Nd5 3. c4 Nb6 4. d4 d6 5. exd6 cxd6 6. d5 e6 7. Nc3 g6 8. h4 Bg7
9. h5 h6 10. hxg6 fxg6 11. Bd3 Qf6 12. Nf3 Na6 13. Ne4 Qe7 14. Bf4 e5 15. Be3
Bf5 16. Qe2 Nd7 17. Nh4 O-O-O 18. Bxa7 b6 19. c5 Ndxc5 20. Bxa6+ Nxa6 21. Qxa6+
Kd7 22. Qb5+ Kc7 23. Rc1+ Kb7 24. Bxb6 Rc8 25. Bd8+ Ka8 26. Bxe7 1-0

[Event "ch-FRA Blitz Online Qual"]
[Site "Europe-Chess INT"]
[Date "2020.05.16"]
[Round "15"]
[White "Djidjeli, Sarah"]
[Black "Vanlerberghe, Luc"]
[Result "1-0"]
[WhiteElo "2074"]
[BlackElo "1727"]
[WhiteFideId "36067474"]
[BlackFideId "671908"]
[EventDate "2020.05.16"]

1. e4 c5 2. Nf3 Nc6 3. Bb5 a6 4. Bxc6 bxc6 5. O-O g6 6. d4 cxd4 7. Qxd4 Nf6 8.
e5 Nh5 9. Nc3 Bg7 10. g4 Nf6 11. exf6 Bxf6 12. Qd3 d5 13. g5 Bg7 14. Bf4 O-O 15.
Rfe1 Re8 16. Nd4 c5 17. Nc6 Qd7 18. Qxd5 Qg4+ 19. Bg3 Bb7 20. Qg2 Rac8 21. Ne5
Qxg5 22. Qxb7 Bxe5 23. Rxe5 1-0

[Event "ch-FRA Blitz Online Qual"]
[Site "Europe-Chess INT"]
[Date "2020.05.16"]
[Round "15"]
[White "Farthouat, Titoine"]
[Black "Maccagnan, Tomas"]
[Result "1-0"]
[WhiteElo "1652"]
[BlackElo "1968"]
[WhiteFideId "36015660"]
[BlackFideId "26091763"]
[EventDate "2020.05.16"]

1. e4 e6 2. d4 d5 3. exd5 exd5 4. Nf3 Bg4 5. h3 Bh5 6. Bd3 Bd6 7. Qe2+ Ne7 8.
O-O Nc6 9. c3 Qd7 10. Bg5 f6 11. Bh4 O-O-O 12. Nbd2 Rde8 13. Qd1 g5 14. Bg3 Bxg3
15. fxg3 g4 16. Nh4 gxh3 17. Qxh5 hxg2 18. Rxf6 Kb8 19. Kxg2 Rhg8 20. Bxh7 Rh8
21. Bf5 Nxf5 22. Qxf5 Qg7 23. Rg6 Qe7 24. Rf1 Rhf8 25. Qe6 Qd8 26. Rxf8 Rxf8 27.
Ndf3 Ne7 28. Rf6 Re8 29. Qf7 a6 30. Re6 Kc8 31. Ng6 Kd7 32. Rxe7+ Rxe7 33. Qxe7+
Qxe7 34. Nxe7 Kxe7 35. Ne5 Ke6 36. Kf3 c5 37. Kf4 b5 38. g4 b4 39. g5 bxc3 40.
bxc3 c4 41. g6 Kf6 42. a4 Kg7 43. Kg5 a5 44. Kf5 Kg8 45. Kf6 Kf8 46. Ke6 Kg7 47.
Kxd5 1-0

[Event "ch-FRA Blitz Online Qual"]
[Site "Europe-Chess INT"]
[Date "2020.05.16"]
[Round "15"]
[White "Gretry, Patrice"]
[Black "Rapaire, Jean-Michel"]
[Result "1-0"]
[WhiteElo "2017"]
[BlackElo "1742"]
[WhiteFideId "624675"]
[BlackFideId "5400023"]
[EventDate "2020.05.16"]

1. e4 d6 2. d4 e5 3. c3 exd4 4. cxd4 Nf6 5. Nc3 g6 6. Nf3 Bg7 7. h3 O-O 8. Bd3
b6 9. O-O Bb7 10. Re1 Nc6 11. Bg5 Qd7 12. Rc1 a6 13. Bb1 Rfe8 14. a3 h6 15. Bf4
Nh5 16. Bh2 Rad8 17. Nd5 Rc8 18. Qa4 b5 19. Qc2 Nf6 20. Nc3 Na5 21. b3 c5 22. d5
c4 23. b4 Nb3 24. Rcd1 a5 25. e5 Nh7 26. e6 fxe6 27. Qxg6 exd5 28. Qxh7+ Kf8 29.
Nxd5 Rxe1+ 30. Nxe1 Bxd5 31. Rxd5 1-0